000 00314nam a22001337a 4500
008 260223b ||||| |||| 00| 0 eng d
020 _a995105005
041 _aShqip
080 _a2.1
100 _a20.1
101 _aShqip
245 _aSindikatat Gjermane dhe Shkrime te tjera
_cFehmi Agani
942 _2lcc
_cBK
999 _c60847
_d60847